000 00856nam a2200265Ia 4500
003 OSt
005 20220927105354.0
006 a|||||r|||| 00| 0
007 ta
008 220926b |||||||| |||| 00| 0 eng d
024 _a176101
037 _cReference Collections
040 _aRTL
_cRTL
_beng
041 _2eng
_aeng
082 _a"T9(Y), P9/UN"
110 _aUnited Nations educational Scientific and Cultural Organization
_9352557
245 0 _a"EFA global moitoring report 2007, overcoming inequality"
_b Why governance matters
260 _aParis
_bUNESCO
_c2008
300 _a"x, 463P"
_ccm.
500 _aBibliography P434-439
650 _aEducation
700 _aUnited Nations educational Scientific and Cultural Organization
_9352559
942 _h"T9(Y), P9/UN"
_cCC
999 _c692177
_d692177